Fundamentals of cost accounting / (Record no. 15697)
[ view plain ]
| 000 -LEADER | |
|---|---|
| fixed length control field | 01100cam a2200337 a 4500 |
| 001 - CONTROL NUMBER | |
| control field | 15957467 |
| 003 - CONTROL NUMBER IDENTIFIER | |
| control field | OSt |
| 005 - DATE AND TIME OF LATEST TRANSACTION | |
| control field | 20140310182748.0 |
| 008 - FIXED-LENGTH DATA ELEMENTS--GENERAL INFORMATION | |
| fixed length control field | 091023s2011 nyua b 001 0 eng |
| 010 ## - LIBRARY OF CONGRESS CONTROL NUMBER | |
| LC control number | 2009044025 |
| 020 ## - INTERNATIONAL STANDARD BOOK NUMBER | |
| International Standard Book Number | 9780073527116 (alk. paper) |
| 020 ## - INTERNATIONAL STANDARD BOOK NUMBER | |
| International Standard Book Number | 9780071325776 |
| 035 ## - SYSTEM CONTROL NUMBER | |
| System control number | (OCoLC)ocn436027982 |
| 040 ## - CATALOGING SOURCE | |
| Original cataloging agency | DLC |
| Transcribing agency | DLC |
| Modifying agency | YDX |
| -- | BTCTA |
| -- | YDXCP |
| -- | DLC |
| 050 00 - LIBRARY OF CONGRESS CALL NUMBER | |
| Classification number | HF 5686.C8 |
| Item number | .L267 2011 |
| 100 1# - MAIN ENTRY--PERSONAL NAME | |
| Personal name | Lanen, William N. |
| 245 10 - TITLE STATEMENT | |
| Title | Fundamentals of cost accounting / |
| Statement of responsibility, etc | William N. Lanen, Shannon W. Anderson, Michael W. Maher. |
| 250 ## - EDITION STATEMENT | |
| Edition statement | 3rd ed. |
| 260 ## - PUBLICATION, DISTRIBUTION, ETC. (IMPRINT) | |
| Place of publication, distribution, etc | New York : |
| Name of publisher, distributor, etc | McGraw-Hill/Irwin, |
| Date of publication, distribution, etc | 2011. |
| 300 ## - PHYSICAL DESCRIPTION | |
| Extent | xxx, 689 : |
| Other physical details | ill. ; |
| Dimensions | 27 cm. |
| 500 ## - GENERAL NOTE | |
| General note | Includes bibliographical references and index. |
| 521 ## - TARGET AUDIENCE NOTE | |
| Target audience note | |
| 650 #0 - SUBJECT ADDED ENTRY--TOPICAL TERM | |
| Topical term or geographic name as entry element | Cost accounting. |
| 700 1# - ADDED ENTRY--PERSONAL NAME | |
| Personal name | Anderson, Shannon W. |
| 700 1# - ADDED ENTRY--PERSONAL NAME | |
| Personal name | Maher, Michael, |
| Dates associated with a name | 1946- |
| 906 ## - LOCAL DATA ELEMENT F, LDF (RLIN) | |
| a | 7 |
| b | cbc |
| c | orignew |
| d | 1 |
| e | ecip |
| f | 20 |
| g | y-gencatlg |
| 942 ## - ADDED ENTRY ELEMENTS (KOHA) | |
| Source of classification or shelving scheme | Library of Congress Classification |
| Koha item type | Books |
| Call number prefix | Foreign |
| Withdrawn status | Lost status | Source of classification or shelving scheme | Damaged status | Home library | Current library | Shelving location | Date acquired | Source of acquisition | Total Checkouts | Full call number | Barcode | Date last seen | Price effective from | Koha item type | Date checked out | Copy number |
|---|---|---|---|---|---|---|---|---|---|---|---|---|---|---|---|---|
| Library of Congress Classification | College Library | College Library | General Circulation Section | 06/22/2012 | Donation | HF 5686.C8 .L267 2011 | C14918 | 10/30/2014 | 10/18/2013 | Books | ||||||
| Library of Congress Classification | College Library | College Library | General Circulation Section | 10/24/2013 | 2 | HF 5686.C8 .L267 2011 | C14263 | 09/10/2018 | 10/24/2013 | Books | 09/10/2018 | 1 |